000 00689nam a2200229Ia 4500
003 OSt
005 20220918105338.0
006 a|||||r|||| 00| 0
007 ta
008 220915b |||||||| |||| 00| 0 eng d
024 _a20260
037 _cReference Collections
040 _aARTS
_cARTS
_beng
041 _2eng
_aeng
082 _aO111,2J64x, H6(RR)
100 _aShakespeare William
_9226
245 0 _aLend me your ears
_b anthology of Shakespearean quotations familiar and not so familiar
260 _c1946
650 _aENGLISH LITERATURE
_9227
942 _hO111,2J64x, H6(RR)
_cREF
999 _c106139
_d106139